<?xml version="1.0" encoding="UTF-8"?>
<record
    xmlns:xsi="http://www.w3.org/2001/XMLSchema-instance"
    xsi:schemaLocation="http://www.loc.gov/MARC21/slim http://www.loc.gov/standards/marcxml/schema/MARC21slim.xsd"
    xmlns="http://www.loc.gov/MARC21/slim">

  <leader>00796nam a2200253 a 4500</leader>
  <controlfield tag="005">20140320150821.0</controlfield>
  <controlfield tag="008">131119b2007    ck ||||| |||| 00| 0 spa d</controlfield>
  <datafield tag="020" ind1=" " ind2=" ">
    <subfield code="a">9789588343181</subfield>
  </datafield>
  <datafield tag="041" ind1=" " ind2=" ">
    <subfield code="a">spa</subfield>
  </datafield>
  <datafield tag="044" ind1=" " ind2=" ">
    <subfield code="a">ck</subfield>
  </datafield>
  <datafield tag="090" ind1=" " ind2=" ">
    <subfield code="a">IAVH</subfield>
    <subfield code="b">00958</subfield>
  </datafield>
  <datafield tag="100" ind1="1" ind2=" ">
    <subfield code="a">Jimenez, Elizabeth</subfield>
    <subfield code="9">2483</subfield>
  </datafield>
  <datafield tag="245" ind1=" " ind2=" ">
    <subfield code="a">Sistem&#xE1;tica, biogeograf&#xED;a y conservaci&#xF3;n de las hormigas cazadoras en Colombia [Recurso electr&#xF3;nico]</subfield>
  </datafield>
  <datafield tag="260" ind1=" " ind2=" ">
    <subfield code="a">Bogot&#xE1;</subfield>
    <subfield code="b">IAVH</subfield>
    <subfield code="c">2007</subfield>
  </datafield>
  <datafield tag="300" ind1=" " ind2=" ">
    <subfield code="a">609 p.</subfield>
  </datafield>
  <datafield tag="504" ind1=" " ind2=" ">
    <subfield code="a">Incluye Contenido y Pr&#xF3;logo</subfield>
  </datafield>
  <datafield tag="505" ind1=" " ind2=" ">
    <subfield code="a">Sistem&#xE1;tica, Biograf&#xED;a y conservaci&#xF3;n, Estudios de casos</subfield>
  </datafield>
  <datafield tag="700" ind1=" " ind2=" ">
    <subfield code="a">Jim&#xE9;nez, Elizabeth</subfield>
    <subfield code="9">2483</subfield>
  </datafield>
  <datafield tag="700" ind1=" " ind2=" ">
    <subfield code="a">Fern&#xE1;ndez, Fernando</subfield>
    <subfield code="9">1456</subfield>
  </datafield>
  <datafield tag="700" ind1=" " ind2=" ">
    <subfield code="a">Arias, Tania Milena</subfield>
    <subfield code="9">2841</subfield>
  </datafield>
  <datafield tag="700" ind1=" " ind2=" ">
    <subfield code="a">Lozano Zambtrano, Fabio H.</subfield>
    <subfield code="9">2842</subfield>
  </datafield>
  <datafield tag="942" ind1=" " ind2=" ">
    <subfield code="2">z</subfield>
    <subfield code="c">CD-ROM</subfield>
  </datafield>
  <datafield tag="945" ind1=" " ind2=" ">
    <subfield code="d">LER</subfield>
  </datafield>
  <datafield tag="999" ind1=" " ind2=" ">
    <subfield code="c">6964</subfield>
    <subfield code="d">6964</subfield>
  </datafield>
  <datafield tag="952" ind1=" " ind2=" ">
    <subfield code="0">0</subfield>
    <subfield code="1">0</subfield>
    <subfield code="2">z</subfield>
    <subfield code="4">0</subfield>
    <subfield code="7">0</subfield>
    <subfield code="8">MEDIOSM</subfield>
    <subfield code="a">Bogota</subfield>
    <subfield code="b">Bogota</subfield>
    <subfield code="d">2013-11-19</subfield>
    <subfield code="l">0</subfield>
    <subfield code="o">IAVH-00958</subfield>
    <subfield code="p">058864</subfield>
    <subfield code="r">2013-11-19 00:00:00</subfield>
    <subfield code="t">V. 1 Ej. 1</subfield>
    <subfield code="w">2013-11-19</subfield>
    <subfield code="x">Original</subfield>
    <subfield code="y">CD-ROM</subfield>
  </datafield>
  <datafield tag="952" ind1=" " ind2=" ">
    <subfield code="0">0</subfield>
    <subfield code="1">0</subfield>
    <subfield code="2">z</subfield>
    <subfield code="4">0</subfield>
    <subfield code="7">0</subfield>
    <subfield code="8">MEDIOSM</subfield>
    <subfield code="a">Bogota</subfield>
    <subfield code="b">Bogota</subfield>
    <subfield code="d">2013-12-19</subfield>
    <subfield code="l">0</subfield>
    <subfield code="o">IAVH-00958</subfield>
    <subfield code="p">059376</subfield>
    <subfield code="r">2013-12-19 00:00:00</subfield>
    <subfield code="t">V. 1 Ej. 2</subfield>
    <subfield code="w">2013-12-19</subfield>
    <subfield code="x">Original</subfield>
    <subfield code="y">CD-ROM</subfield>
  </datafield>
  <datafield tag="952" ind1=" " ind2=" ">
    <subfield code="0">0</subfield>
    <subfield code="1">0</subfield>
    <subfield code="2">z</subfield>
    <subfield code="4">0</subfield>
    <subfield code="7">0</subfield>
    <subfield code="8">MEDIOSM</subfield>
    <subfield code="a">Bogota</subfield>
    <subfield code="b">Bogota</subfield>
    <subfield code="d">2013-12-19</subfield>
    <subfield code="l">0</subfield>
    <subfield code="o">IAVH-00958</subfield>
    <subfield code="p">059391</subfield>
    <subfield code="r">2013-12-19 00:00:00</subfield>
    <subfield code="t">V. 2 Ej 1</subfield>
    <subfield code="w">2013-12-19</subfield>
    <subfield code="x">Original</subfield>
    <subfield code="y">CD-ROM</subfield>
  </datafield>
  <datafield tag="952" ind1=" " ind2=" ">
    <subfield code="0">0</subfield>
    <subfield code="1">0</subfield>
    <subfield code="2">z</subfield>
    <subfield code="4">0</subfield>
    <subfield code="7">0</subfield>
    <subfield code="8">MEDIOSM</subfield>
    <subfield code="a">Bogota</subfield>
    <subfield code="b">Bogota</subfield>
    <subfield code="d">2013-12-19</subfield>
    <subfield code="l">0</subfield>
    <subfield code="o">IAVH-00958</subfield>
    <subfield code="p">059389</subfield>
    <subfield code="r">2013-12-19 00:00:00</subfield>
    <subfield code="t">V. 2 Ej. 2</subfield>
    <subfield code="w">2013-12-19</subfield>
    <subfield code="x">Original</subfield>
    <subfield code="y">CD-ROM</subfield>
  </datafield>
</record>
